[Event "136th YMCA Winter C"]
[Site "Warszawa"]
[Date "2014.02.18"]
[Round "7"]
[White "Krzyzanowski, Antoni"]
[Black "Sylwestrzuk, Mariusz"]
[Result "1/2-1/2"]
[WhiteElo "1731"]
[BlackElo "1709"]
[Annotator "Admin"]
[PlyCount "116"]
[EventDate "2014.01.06"]
[EventType "tourn"]
[EventRounds "1"]
[EventCountry "POL"]
[SourceDate "2014.01.06"]

1. g3 d5 2. Bg2 Nf6 3. d3 g6 4. Nd2 Bg7 5. e4 dxe4 6. dxe4 O-O 7. Qe2 c6 8. h4
Nbd7 9. Nh3 Ne5 10. b3 Qd4 11. Rb1 Neg4 12. Bb2 Qc5 13. c4 Nh5 14. Bxg7 Nxg7
15. O-O Rd8 16. Rfd1 Ne5 17. b4 Qb6 18. c5 Qc7 19. Nf4 Ne6 20. Nb3 Rxd1+ 21.
Rxd1 Nxf4 22. gxf4 Ng4 23. e5 h5 24. Nd4 Nh6 25. Be4 Bh3 26. Kh2 Bd7 27. Rg1
Kh8 28. Rg5 Ng4+ 29. Kg1 Rg8 30. Qd2 e6 31. f3 Nh6 32. Qg2 Nf5 33. Bxf5 exf5
34. Qg3 Kh7 35. Kh2 a5 36. a3 axb4 37. axb4 Qb8 38. Qe1 Qa7 39. e6 Bxe6 40.
Nxe6 Qa2+ 41. Rg2 Qxe6 42. Qxe6 fxe6 43. Rd2 Rg7 44. Rd6 Re7 45. Kg2 Kg7 46.
Kf2 Kf7 47. Ke3 e5 48. fxe5 Rxe5+ 49. Kf4 Re1 50. Rd7+ Re7 51. Rd6 Re1 52. Kg5
Rg1+ 53. Kf4 Re1 54. Kg5 Rg1+ 55. Kf4 $11 Ke7 56. Rd3 Rb1 57. Rd4 Rg1 58. Rd3
Rb1 $11 1/2-1/2

[Event "136th YMCA Winter C"]
[Site "Warszawa"]
[Date "2014.02.20"]
[Round "7"]
[White "Milczarek, Robert"]
[Black "Tegi, Robert"]
[Result "1-0"]
[WhiteElo "1830"]
[BlackElo "1733"]
[PlyCount "113"]
[EventDate "2014.01.06"]
[EventType "tourn"]
[EventRounds "1"]
[EventCountry "POL"]
[SourceDate "2014.01.06"]

1. d4 d5 2. c4 c6 3. Nf3 Nf6 4. e3 Bf5 5. Nc3 e6 6. Nh4 Bg6 7. Qb3 Qc7 8. Nxg6
hxg6 9. Bd2 Nbd7 10. g3 Nb6 11. cxd5 exd5 12. Rc1 Qd7 13. h4 g5 14. Bh3 g4 15.
Bg2 Nc4 16. Qc2 Bd6 17. b3 Nxd2 18. Qxd2 Ba3 19. Rc2 Bb4 20. Qd3 Rh6 21. O-O
Bxc3 22. Rxc3 Kf8 23. Rfc1 Re8 24. b4 a6 25. a4 Ne4 26. Bxe4 Rxe4 27. b5 axb5
28. axb5 g5 29. bxc6 bxc6 30. hxg5 Rg6 31. Qa6 c5 32. Qa3 Rxg5 33. Rxc5 Kg7 34.
Rc8 Re8 35. Qa8 Rxc8 36. Rxc8 Kf6 37. Qb8 Qe6 38. Re8 Qf5 39. Qd6+ Kg7 40. Qf8+
Kf6 41. Re5 Qb1+ 42. Kg2 Rxe5 43. Qh8+ Kg6 44. Qxe5 Qb7 45. Qd6+ f6 46. Qe6 Kg5
47. Qd6 f5 48. Qf4+ Kg6 49. Qe5 Qd7 50. f3 gxf3+ 51. Kxf3 Qb5 52. Qe6+ Kg5 53.
Qe7+ Kg6 54. Kf4 Qf1+ 55. Ke5 Qf3 56. Qf6+ Kh5 57. Qxf5+ 1-0

[Event "136th YMCA Winter C"]
[Site "Warszawa"]
[Date "2014.02.18"]
[Round "7"]
[White "Lewandrowski, Tomasz"]
[Black "Pajak, Jakub"]
[Result "1-0"]
[WhiteElo "1817"]
[BlackElo "1718"]
[PlyCount "71"]
[EventDate "2014.01.06"]
[EventType "tourn"]
[EventRounds "1"]
[EventCountry "POL"]
[SourceDate "2014.01.06"]

1. f4 c5 2. Nf3 Nf6 3. g3 g6 4. Bg2 Bg7 5. O-O Nc6 6. d3 d6 7. e4 Bd7 8. h3 Rb8
9. a4 a6 10. c3 b5 11. axb5 axb5 12. e5 dxe5 13. fxe5 Nd5 14. Ng5 Be6 15. Nxe6
fxe6 16. Qg4 Qd7 17. Ra6 Nxe5 18. Qe2 Qc8 19. Bh6 Bf6 20. Ra7 Rb7 21. Rxb7 Qxb7
22. c4 bxc4 23. dxc4 Nxc4 24. Qxe6 Bd4+ 25. Kh2 Ncb6 26. Nc3 Bxc3 27. bxc3 Qd7
28. Qf7+ Kd8 29. c4 Nf6 30. Rb1 Nc8 31. Bg7 Re8 32. Rb8 Kc7 33. Rb7+ Kd6 34.
Rxd7+ Kxd7 35. Bxf6 Nd6 36. Qxh7 1-0

[Event "136th YMCA Winter C"]
[Site "Warszawa"]
[Date "2014.02.18"]
[Round "7"]
[White "Zbrzeski, Piotr"]
[Black "Judek, Magdalena"]
[Result "0-1"]
[WhiteElo "1782"]
[BlackElo "1794"]
[PlyCount "122"]
[EventDate "2014.01.06"]
[EventType "tourn"]
[EventRounds "1"]
[EventCountry "POL"]
[SourceDate "2014.01.06"]

1. d4 Nf6 2. c4 e6 3. Nf3 c5 4. Nc3 b6 5. Bf4 Be7 6. Nb5 Na6 7. Nd6+ Bxd6 8.
Bxd6 Ne4 9. Be5 O-O 10. e3 d6 11. Bf4 Bb7 12. Bd3 Nf6 13. Ng5 h6 14. h4 cxd4
15. exd4 e5 16. dxe5 dxe5 17. Bxe5 Re8 18. f4 Nb4 19. Bf5 Qxd1+ 20. Rxd1 hxg5
21. hxg5 Bxg2 22. Rh2 Bf3 23. Rd6 Ng4 24. Bxg4 Bxg4 25. a3 Na6 26. Rhd2 Nc5 27.
Rg2 Bf5 28. Kd1 Nd3 29. Bc3 Nxf4 30. Rgd2 Re6 31. R6d4 Rae8 32. Rf2 Ne2 33. Rd5
Nxc3+ 34. bxc3 Bg4+ 35. Kd2 Re2+ 36. Rxe2 Rxe2+ 37. Kd3 Re7 38. Kd4 Kh7 39. c5
bxc5+ 40. Kxc5 Kg6 41. a4 Bf5 42. a5 Kxg5 43. c4 Kf4 44. Rd4+ Kf3 45. Rd5 Be6
46. Rg5 g6 47. Kb5 Kf4 48. Rg1 g5 49. Rf1+ Kg4 50. c5 f5 51. Rg1+ Kh5 52. Rh1+
Kg6 53. c6 f4 54. Kc5 Bf5 55. Kd6 Re8 56. Rf1 a6 57. Kc7 Bd3 58. Rd1 Bb5 59.
Rd6+ Kf5 60. Rd5+ Re5 61. Rd6 Bxc6 0-1

[Event "136th YMCA Winter C"]
[Site "Warszawa"]
[Date "2014.02.21"]
[Round "7"]
[White "Major, Boguslaw"]
[Black "Szukalski, Antoni"]
[Result "0-1"]
[WhiteElo "1800"]
[BlackElo "1786"]
[PlyCount "90"]
[EventDate "2014.01.06"]
[EventType "tourn"]
[EventRounds "1"]
[EventCountry "POL"]
[SourceDate "2014.01.06"]

1. e4 c6 2. d4 d5 3. exd5 cxd5 4. Bd3 Nf6 5. c3 Nc6 6. Bf4 e6 7. Nf3 Bd6 8. Bg3
Ne4 9. Bxe4 dxe4 10. Nfd2 f5 11. Qh5+ g6 12. Qh6 Bf8 13. Qe3 g5 14. f4 exf3 15.
Qxf3 h5 16. O-O h4 17. Be1 Bd6 18. Nc4 Bb8 19. Nba3 Qc7 20. g3 a6 21. d5 Ne5
22. Nxe5 Qxe5 23. Rd1 g4 24. Qd3 Qxd5 25. Qb1 Qc6 26. Qd3 Bc7 27. Nc4 hxg3 28.
Bxg3 Bxg3 29. Qd8+ Kf7 30. Qxh8 Bxh2+ 31. Kxh2 Qxc4 32. Qh7+ Kf6 33. Qh8+ Kg6
34. Qe5 b5 35. Rf4 Qxa2 36. Rd2 Ra7 37. Kg3 Rh7 38. Rh2 Rxh2 39. Kxh2 Qxb2+ 40.
Kg3 Qd2 41. Rf2 Qd3+ 42. Kg2 Bb7+ 43. Kg1 Bd5 44. Qh8 Qg3+ 45. Kf1 Bc4+ 0-1

[Event "136th YMCA Winter C"]
[Site "Warszawa"]
[Date "2014.03.07"]
[Round "8"]
[White "Kaniewska, Emilia"]
[Black "Szukalski, Antoni"]
[Result "0-1"]
[WhiteElo "1713"]
[BlackElo "1786"]
[PlyCount "78"]
[EventDate "2014.01.06"]
[EventType "tourn"]
[EventRounds "1"]
[EventCountry "POL"]
[SourceDate "2014.01.06"]

1. Nf3 Nf6 2. c4 e6 3. g3 b6 4. Bg2 Bb7 5. O-O Be7 6. d4 d5 7. Nbd2 O-O 8. b3
Nbd7 9. Bb2 a5 10. Ne5 Ne8 11. e4 Nxe5 12. dxe5 dxc4 13. Nxc4 Ba6 14. Re1 Bxc4
15. bxc4 c6 16. Qg4 Qc7 17. f4 Kh8 18. Rad1 Rd8 19. Rxd8 Qxd8 20. Rd1 Bc5+ 21.
Kh1 Qe7 22. Rd3 b5 23. cxb5 Qb7 24. a4 cxb5 25. Rb3 b4 26. Rd3 Qc8 27. Qh4 Bb6
28. Rd2 Qc5 29. Rd1 Qc2 30. Bf3 Qxb2 31. Qe7 Kg8 32. Bh5 g6 33. Bg4 h5 34. Bxe6
Qe2 35. Bxf7+ Rxf7 36. Qxe8+ Kg7 37. h4 Qxd1+ 38. Kg2 Qg1+ 39. Kf3 Qf2# 0-1

[Event "136th YMCA Winter C"]
[Site "Warszawa"]
[Date "2014.02.25"]
[Round "8"]
[White "Judek, Magdalena"]
[Black "Major, Boguslaw"]
[Result "1-0"]
[WhiteElo "1794"]
[BlackElo "1800"]
[Annotator "Admin"]
[PlyCount "131"]
[EventDate "2014.01.06"]
[EventType "tourn"]
[EventRounds "1"]
[EventCountry "POL"]
[SourceDate "2014.01.06"]

1. d4 Nf6 2. Nf3 g6 3. c4 Bg7 4. e3 O-O 5. Be2 d5 6. cxd5 Nxd5 7. Nc3 c5 8. O-O
cxd4 9. exd4 Nc6 10. Qb3 Nb6 11. Be3 Be6 12. Qc2 Nb4 13. Qd2 Bc4 14. Rfd1 Rc8
15. Ne5 Bxe2 16. Qxe2 N4d5 17. Nxd5 $11 Qxd5 18. Re1 Nc4 19. Nf3 Rfe8 20. b3
Nd6 21. Rac1 Nf5 22. Qd2 b6 23. Rxc8 Rxc8 24. Rc1 Qb7 25. Rc4 Nd6 26. Rxc8+
Qxc8 27. h3 Nf5 28. Bf4 Qd8 29. Be5 Bh6 30. Qc3 f6 31. Bc7 Qc8 32. Qc4+ Kf8 33.
a4 Ng7 34. d5 Ne8 35. Bf4 Qxc4 36. Bxh6+ Kf7 37. bxc4 Nd6 38. Be3 Nxc4 39. Nd4
Nb2 40. Nc6 Nxa4 41. Nxa7 Nc3 42. Bxb6 Nxd5 43. Ba5 Ke6 44. Nb5 Kd7 45. Nc3 Nf4
46. Bb6 e5 47. Be3 Nd3 48. Kf1 Ke6 49. Ke2 Nb4 50. Ne4 Nd5 51. Kd3 Ne7 52. Kc4
h5 53. Bb6 Nc8 54. Bd8 f5 55. Ng5+ Kd7 56. Ba5 Ke7 57. Kd5 Na7 58. Bb6 Nc8 59.
Bc7 e4 60. Ne6 Kf6 61. Bd8+ Kf7 62. Ke5 Na7 63. Ng5+ Ke8 64. Kf6 Kxd8 65. Kxg6
Nc6 66. Kxf5 1-0

[Event "136th YMCA Winter C"]
[Site "Warszawa"]
[Date "2014.02.25"]
[Round "8"]
[White "Pajak, Jakub"]
[Black "Zbrzeski, Piotr"]
[Result "1/2-1/2"]
[WhiteElo "1718"]
[BlackElo "1782"]
[PlyCount "142"]
[EventDate "2014.01.06"]
[EventType "tourn"]
[EventRounds "1"]
[EventCountry "POL"]
[SourceDate "2014.01.06"]

1. e4 Nf6 2. e5 Nd5 3. d4 d6 4. c4 Nb6 5. exd6 exd6 6. Nc3 Nc6 7. Be3 Bf5 8. a3
Be7 9. b4 Bf6 10. Bd3 Bxd3 11. Qxd3 Qe7 12. Nge2 Rd8 13. O-O O-O 14. Nf4 Rd7
15. Nfd5 Qd8 16. Rad1 Nxd5 17. Nxd5 Nb8 18. Qf5 c6 19. Nxf6+ Qxf6 20. Qxf6 gxf6
21. d5 a6 22. Rd4 f5 23. Rfd1 Re8 24. g3 Re4 25. dxc6 Rxd4 26. Rxd4 Nxc6 27.
Rf4 d5 28. Rxf5 dxc4 29. Rc5 Rd3 30. Bh6 Rd6 31. Be3 Rd3 32. a4 f6 33. Rxc4 Rb3
34. Bc5 Ne5 35. Rf4 Kf7 36. Kg2 Nd3 37. Rd4 Nxc5 38. bxc5 Kg6 39. Rc4 a5 40. c6
bxc6 41. Rc5 Ra3 42. Rxa5 c5 43. Rxc5 Rxa4 44. h4 Ra3 45. h5+ Kg7 46. Kh3 Rf3
47. Kg2 Rb3 48. g4 Rb2 49. Kg3 Rb1 50. Kf4 Rb4+ 51. Kf5 Rb7 52. f4 Ra7 53. Rd5
h6 54. Rd6 Ra5+ 55. Ke6 Ra7 56. f5 Ra4 57. Ke7 Rxg4 58. Rxf6 Ra4 59. Rd6 Ra7+
60. Ke6 Rf7 61. Ke5 Re7+ 62. Re6 Ra7 63. Rd6 Re7+ 64. Kf4 Rb7 65. Rg6+ Kh7 66.
f6 Rb4+ 67. Kg3 Rb3+ 68. Kh4 Rf3 69. Kg4 Rf1 70. Kh3 Rf5 71. Kg4 Rf1 1/2-1/2

[Event "136th YMCA Winter C"]
[Site "Warszawa"]
[Date "2014.02.24"]
[Round "8"]
[White "Tegi, Robert"]
[Black "Lewandrowski, Tomasz"]
[Result "1/2-1/2"]
[WhiteElo "1733"]
[BlackElo "1817"]
[PlyCount "92"]
[EventDate "2014.01.06"]
[EventType "tourn"]
[EventRounds "1"]
[EventCountry "POL"]
[SourceDate "2014.01.06"]

1. d4 Nf6 2. c4 d6 3. Nf3 g6 4. g3 Bg7 5. Bg2 O-O 6. O-O c6 7. Nc3 Qa5 8. Qc2
Qh5 9. Bg5 Bh3 10. Rfe1 Nbd7 11. e4 h6 12. Bxf6 Nxf6 13. Bxh3 Qxh3 14. Qd3 Ng4
15. Qf1 Qxf1+ 16. Kxf1 e5 17. d5 f5 18. Kg2 cxd5 19. Nxd5 fxe4 20. Rxe4 Nf6 21.
Nxf6+ Rxf6 22. Nd2 Rc8 23. Rd1 Rf7 24. Re3 Bf8 25. Rd3 b5 26. b3 Kg7 27. Rd5 a6
28. cxb5 axb5 29. Ne4 Rc2 30. R1d2 Rxd2 31. Rxd2 Rd7 32. Nc5 Ra7 33. Ne6+ Kf7
34. Nxf8 Kxf8 35. Rxd6 Rxa2 36. Rd5 e4 37. Rxb5 e3 38. Re5 exf2 39. Re3 Rb2 40.
h3 h5 41. Rc3 Kg7 42. h4 Kf6 43. Rf3+ Ke5 44. Re3+ Kf5 45. Rf3+ Ke5 46. Re3+
Kf5 1/2-1/2

[Event "136th YMCA Winter C"]
[Site "Warszawa"]
[Date "2014.02.17"]
[Round "8"]
[White "Sylwestrzuk, Mariusz"]
[Black "Milczarek, Robert"]
[Result "0-1"]
[WhiteElo "1709"]
[BlackElo "1830"]
[PlyCount "106"]
[EventDate "2014.01.06"]
[EventType "tourn"]
[EventRounds "1"]
[EventCountry "POL"]
[SourceDate "2014.01.06"]

1. d4 Nf6 2. c4 e6 3. Nf3 Bb4+ 4. Bd2 Qe7 5. Nc3 O-O 6. g3 Bxc3 7. Bxc3 Ne4 8.
Qc2 Nxc3 9. Qxc3 Nc6 10. Bg2 d6 11. O-O e5 12. d5 Nb8 13. e4 a5 14. c5 g6 15.
cxd6 cxd6 16. Nh4 b6 17. Qe3 Nd7 18. f4 Ba6 19. Rf2 exf4 20. Rxf4 Rac8 21. Rf2
Nc5 22. Rd1 Rce8 23. Rd4 f5 24. Qh6 Nxe4 25. Bxe4 fxe4 26. Nxg6 hxg6 27. Qxg6+
Qg7 28. Rxf8+ Kxf8 29. Qxd6+ Kg8 30. Qxb6 e3 31. Rd1 e2 32. Re1 Bb7 33. d6 Qf7
34. Qxa5 Qf3 35. Qg5+ Kf7 36. Qf4+ Qxf4 37. gxf4 Ba6 38. a4 Rd8 39. b4 Bd3 40.
Kf2 Rxd6 41. h4 Kf6 42. h5 Kf5 43. Ke3 Bc4 44. b5 Rd1 45. Kf2 Kxf4 46. h6 Rd8
47. b6 Kg5 48. h7 Kg6 49. Rh1 Rf8+ 50. Kg3 Rf1 51. Rh6+ Kg5 52. Rh5+ Kg6 53.
Rh6+ Kf7 0-1

[Event "136th YMCA Winter C"]
[Site "Warszawa"]
[Date "2014.03.06"]
[Round "8"]
[White "Chylewski, Patryk"]
[Black "Krzyzanowski, Antoni"]
[Result "1-0"]
[WhiteElo "1749"]
[BlackElo "1731"]
[PlyCount "79"]
[EventDate "2014.01.06"]
[EventType "tourn"]
[EventRounds "1"]
[EventCountry "POL"]
[SourceDate "2014.01.06"]

1. d4 e6 2. Nf3 f5 3. g3 Nf6 4. Bg2 Bb4+ 5. c3 Be7 6. O-O O-O 7. c4 d6 8. Nc3
Qe8 9. Re1 Qg6 10. e4 fxe4 11. Nxe4 Nxe4 12. Rxe4 Nd7 13. Re1 Rf7 14. b3 Qh5
15. Qe2 h6 16. Bb2 Nf6 17. Nh4 Bd7 18. Bxb7 Re8 19. Bf3 Qa5 20. Ng6 Bd8 21. Qd3
c6 22. Bc3 Qc7 23. Re2 Qb8 24. Rae1 Bc7 25. Re3 Qc8 26. R1e2 Qb8 27. Qb1 Qc8
28. Qe1 Kh7 29. Qb1 Kg8 30. h4 h5 31. Re1 Ng4 32. Bxg4 hxg4 33. Qd1 Rf6 34. h5
Rf5 35. Qxg4 e5 36. Qe2 Re6 37. dxe5 dxe5 38. Bxe5 Bd8 39. Rf3 Rg5 40. Rf8+ 1-0

[Event "136th YMCA Winter C"]
[Site "Warszawa"]
[Date "2014.02.26"]
[Round "8"]
[White "Staniak, Mariusz"]
[Black "Kacprzak, Karol"]
[Result "1-0"]
[WhiteElo "1804"]
[BlackElo "1779"]
[PlyCount "79"]
[EventDate "2014.01.06"]
[EventType "tourn"]
[EventRounds "1"]
[EventCountry "POL"]
[SourceDate "2014.01.06"]

1. c4 e5 2. Nc3 Nc6 3. g3 f5 4. Bg2 Nf6 5. a3 a5 6. e3 Bc5 7. Nge2 O-O 8. O-O
d6 9. d4 Ba7 10. Rb1 Qe8 11. b4 axb4 12. axb4 Qh5 13. b5 Ne7 14. dxe5 dxe5 15.
Ba3 Ng4 16. h3 Nxe3 17. Qc1 Nxf1 18. Bxe7 f4 19. Bxf8 f3 20. Bxf1 fxe2 21. Bxe2
Qf5 22. b6 Bxb6 23. Rxb6 cxb6 24. Bd6 Qxh3 25. Bxe5 h6 26. Nd5 Ra2 27. Bb2 Qd7
28. Nxb6 Qc7 29. Nxc8 Qxc8 30. Qc3 Qc7 31. Bf3 b6 32. c5 Rxb2 33. Qxb2 Qxc5 34.
Qb3+ Kf8 35. Be2 g5 36. Qb5 Qe7 37. Bh5 Qe1+ 38. Kg2 Qe4+ 39. Bf3 Qe6 40. Qc6
1-0

[Event "136th YMCA Winter C"]
[Site "Warszawa"]
[Date "2014.03.04"]
[Round "9"]
[White "Kacprzak, Karol"]
[Black "Kaniewska, Emilia"]
[Result "0-1"]
[WhiteElo "1779"]
[BlackElo "1713"]
[PlyCount "94"]
[EventDate "2014.01.06"]
[EventType "tourn"]
[EventRounds "1"]
[EventCountry "POL"]
[SourceDate "2014.01.06"]

1. c4 Nf6 2. Nc3 g6 3. g3 Bg7 4. Bg2 O-O 5. Nf3 d6 6. O-O e5 7. d3 Nc6 8. Rb1
a5 9. a3 Be6 10. Bg5 h6 11. Bxf6 Bxf6 12. b4 axb4 13. axb4 Bg7 14. b5 Ne7 15.
Qc1 f5 16. e4 f4 17. gxf4 exf4 18. Ne2 g5 19. Nfd4 Bd7 20. c5 Ng6 21. cxd6 cxd6
22. Qc4+ Kh8 23. f3 Ne5 24. Qb3 g4 25. Ne6 Bxe6 26. Qxe6 gxf3 27. Bxf3 Nxd3 28.
b6 Rf6 29. Qd5 Nc5 30. Kh1 Qf8 31. Nd4 Rg6 32. Nf5 Ra3 33. Be2 Be5 34. Rg1 Re6
35. Nh4 f3 36. Ng6+ Rxg6 37. Rxg6 fxe2 38. Rbg1 Qf3+ 39. R6g2 Ra8 40. Qd2 Bf4
41. Qb2+ Be5 42. Qd2 Kh7 43. Qxe2 Qxe4 44. Qh5 Rg8 45. Qf7+ Rg7 46. Qe8 Nd3 47.
Qf8 Nf4 0-1

[Event "136th YMCA Winter C"]
[Site "Warszawa"]
[Date "2014.03.05"]
[Round "9"]
[White "Krzyzanowski, Antoni"]
[Black "Staniak, Mariusz"]
[Result "1-0"]
[WhiteElo "1731"]
[BlackElo "1804"]
[PlyCount "75"]
[EventDate "2014.01.06"]
[EventType "tourn"]
[EventRounds "1"]
[EventCountry "POL"]
[SourceDate "2014.01.06"]

1. e4 e5 2. f4 Bc5 3. Nf3 d6 4. c3 Nf6 5. d4 exd4 6. cxd4 Bb6 7. Nc3 d5 8. e5
Ne4 9. Be3 Bf5 10. Qa4+ c6 11. O-O-O O-O 12. Ne2 c5 13. Ng3 Nxg3 14. hxg3 cxd4
15. Nxd4 Qc7+ 16. Kd2 Ba5+ 17. b4 Rc8 18. Nxf5 Qc3+ 19. Ke2 Bxb4 20. Rc1 Qb2+
21. Kf3 Nc6 22. Bd3 g6 23. Rc2 Qa3 24. Qxa3 Bxa3 25. Nh6+ Kg7 26. Nxf7 Kxf7 27.
Rxh7+ Kg8 28. Rxb7 Nb4 29. Rxc8+ Rxc8 30. Bxg6 Rc3 31. Kf2 Nc2 32. Bxa7 d4 33.
Rb3 Nb4 34. Bxd4 Rxb3 35. axb3 Nc6 36. Bc3 Bc5+ 37. Kf3 Ne7 38. Be4 1-0

[Event "136th YMCA Winter C"]
[Site "Warszawa"]
[Date "2014.03.14"]
[Round "9"]
[White "Milczarek, Robert"]
[Black "Chylewski, Patryk"]
[Result "0-1"]
[WhiteElo "1830"]
[BlackElo "1749"]
[PlyCount "64"]
[EventDate "2014.01.06"]
[EventType "tourn"]
[EventRounds "1"]
[EventCountry "POL"]
[SourceDate "2014.01.06"]

1. d4 Nf6 2. c4 g6 3. Nc3 d5 4. cxd5 Nxd5 5. e4 Nxc3 6. bxc3 Bg7 7. Bc4 c5 8.
Ne2 Nc6 9. Be3 O-O 10. O-O Bg4 11. f3 Na5 12. Bd3 cxd4 13. cxd4 Be6 14. d5 Bxa1
15. Qxa1 f6 16. Bh6 Re8 17. Qd1 Bf7 18. Kh1 a6 19. f4 e6 20. e5 Qxd5 21. Nc3
Qd4 22. Ne4 Red8 23. Nd6 Rxd6 24. exd6 Qxd6 25. Qb1 Rd8 26. Be4 b5 27. h4 Nc4
28. Bc2 Nd2 29. Qa1 Nxf1 30. Qxf6 Qd4 31. Qg5 Ne3 32. Bb3 Nf5 0-1

[Event "136th YMCA Winter C"]
[Site "Warszawa"]
[Date "2014.03.07"]
[Round "9"]
[White "Lewandrowski, Tomasz"]
[Black "Sylwestrzuk, Mariusz"]
[Result "1-0"]
[WhiteElo "1817"]
[BlackElo "1709"]
[PlyCount "73"]
[EventDate "2014.01.06"]
[EventType "tourn"]
[EventRounds "1"]
[EventCountry "POL"]
[SourceDate "2014.01.06"]

1. e4 c5 2. Nf3 Nc6 3. Bb5 g6 4. d4 cxd4 5. Nxd4 Bg7 6. Nxc6 bxc6 7. Bc4 Rb8 8.
O-O d6 9. Kh1 e6 10. Nc3 Ne7 11. Bb3 O-O 12. Bf4 e5 13. Bg5 Be6 14. Qd2 Qc7 15.
Bh6 Bxb3 16. axb3 f5 17. Bxg7 Kxg7 18. f4 Rb4 19. fxe5 dxe5 20. exf5 Rxf5 21.
Rxf5 Nxf5 22. Nd5 cxd5 23. Qxb4 e4 24. Qc3+ Qxc3 25. bxc3 Kf6 26. Kg1 Ne3 27.
Kf2 Ng4+ 28. Ke2 h5 29. h3 Ne5 30. Rxa7 Kf5 31. Ra5 Ke6 32. Ke3 g5 33. Ra6+ Kf5
34. Rd6 g4 35. Rxd5 gxh3 36. gxh3 Ke6 37. Rxe5+ 1-0

[Event "136th YMCA Winter C"]
[Site "Warszawa"]
[Date "2014.03.06"]
[Round "9"]
[White "Zbrzeski, Piotr"]
[Black "Tegi, Robert"]
[Result "0-1"]
[WhiteElo "1782"]
[BlackElo "1733"]
[PlyCount "118"]
[EventDate "2014.01.06"]
[EventType "tourn"]
[EventRounds "1"]
[EventCountry "POL"]
[SourceDate "2014.01.06"]

1. d4 c6 2. c4 d5 3. Nf3 Nf6 4. Nc3 dxc4 5. e4 b5 6. e5 Nd5 7. a4 e6 8. axb5
Nxc3 9. bxc3 cxb5 10. Bg5 Qd7 11. Be2 Bb7 12. Qb1 a6 13. O-O h6 14. Bh4 Be7 15.
Bxe7 Qxe7 16. Nd2 O-O 17. Ne4 Bxe4 18. Qxe4 Nd7 19. Qb7 Rfb8 20. Qc6 Nb6 21.
Bf3 Na4 22. Rfc1 Ra7 23. Be2 Nb6 24. Bf3 Qd7 25. Qxd7 Nxd7 26. Rcb1 Rb6 27. Ra5
f6 28. exf6 Nxf6 29. Re1 Nd5 30. Rxe6 Rxe6 31. Bxd5 Kf7 32. Ra1 Kf6 33. Bxe6
Kxe6 34. f3 Kd6 35. Kf2 a5 36. f4 Kc6 37. g4 a4 38. Ra3 b4 39. cxb4 Kb5 40. Ke3
Kxb4 41. Ra1 Kc3 42. Rc1+ Kb2 43. Rxc4 a3 44. Rb4+ Kc3 45. Rb1 a2 46. Rc1+ Kb2
47. Rf1 a1=Q 48. Rxa1 Rxa1 49. Ke4 Kc3 50. d5 Kc4 51. d6 Rd1 52. Ke5 Kc5 53. d7
Rxd7 54. h4 Re7+ 55. Kf5 Rf7+ 56. Ke5 Kc6 57. h5 Kd7 58. g5 Ke7 59. gxh6 gxh6
0-1

[Event "136th YMCA Winter C"]
[Site "Warszawa"]
[Date "2014.03.04"]
[Round "9"]
[White "Major, Boguslaw"]
[Black "Pajak, Jakub"]
[Result "1-0"]
[WhiteElo "1800"]
[BlackElo "1718"]
[PlyCount "73"]
[EventDate "2014.01.06"]
[EventType "tourn"]
[EventRounds "1"]
[EventCountry "POL"]
[SourceDate "2014.01.06"]

1. d4 c6 2. e4 d5 3. exd5 cxd5 4. Bd3 Nf6 5. c3 Nc6 6. Nf3 Bg4 7. Bf4 e6 8.
Nbd2 Bd6 9. Bg3 O-O 10. Qc2 Bh5 11. O-O Rc8 12. Rae1 Nb4 13. Qb1 Nxd3 14. Qxd3
Bg6 15. Qe2 b5 16. a3 a5 17. Bxd6 Qxd6 18. Ne5 b4 19. Nxg6 hxg6 20. cxb4 axb4
21. a4 Rc2 22. b3 Qf4 23. Rd1 Qxd4 24. Nf3 Qb2 25. Qb5 Qc3 26. Nd4 Rd2 27. Rxd2
Qxd2 28. Nc6 Qc3 29. Nxb4 Qxb3 30. Nc6 Qa3 31. a5 Ra8 32. Qb7 Qf8 33. a6 Ne4
34. a7 Nd6 35. Qb8 Kh7 36. Qxf8 Rxf8 37. Nb8 1-0

[Event "136th YMCA Winter C"]
[Site "Warszawa"]
[Date "2014.03.04"]
[Round "9"]
[White "Szukalski, Antoni"]
[Black "Judek, Magdalena"]
[Result "1/2-1/2"]
[WhiteElo "1786"]
[BlackElo "1794"]
[Annotator "Admin"]
[PlyCount "48"]
[EventDate "2014.01.06"]
[EventType "tourn"]
[EventRounds "1"]
[EventCountry "POL"]
[SourceDate "2014.01.06"]

1. d4 Nf6 2. c4 e6 3. Nf3 Bb4+ 4. Bd2 Bxd2+ 5. Nbxd2 d5 6. e3 O-O 7. Bd3 dxc4
8. Bxc4 b6 9. Qc2 Bb7 10. O-O Nbd7 11. Rac1 c5 12. dxc5 Nxc5 13. b4 Nce4 14.
Nxe4 Bxe4 15. Qd1 Qe7 16. Qb3 Rac8 17. Nd2 Bd5 18. Bxd5 Nxd5 19. a3 Rfd8 20.
Nf3 h6 21. h3 Qb7 22. Qb2 Rxc1 23. Rxc1 Rc8 24. Nd4 a6 $11 1/2-1/2

[Event "136th YMCA Winter C"]
[Site "Warszawa"]
[Date "2014.03.11"]
[Round "10"]
[White "Kaniewska, Emilia"]
[Black "Judek, Magdalena"]
[Result "0-1"]
[WhiteElo "1713"]
[BlackElo "1794"]
[PlyCount "90"]
[EventDate "2014.01.06"]
[EventType "tourn"]
[EventRounds "1"]
[EventCountry "POL"]
[SourceDate "2014.01.06"]

1. Nf3 d5 2. c4 e6 3. g3 Nf6 4. Bg2 c6 5. b3 Be7 6. O-O O-O 7. Bb2 Nbd7 8. d4
Ne4 9. Nbd2 Ndf6 10. Ne5 Nxd2 11. Qxd2 Bd6 12. f3 dxc4 13. bxc4 Bxe5 14. Rad1
Bc7 15. e4 Bb6 16. f4 Kh8 17. h3 Bd7 18. g4 Qc7 19. Kh1 Ba5 20. Qf2 Bb4 21. f5
exf5 22. gxf5 Rae8 23. e5 Ng8 24. f6 g5 25. Qf3 c5 26. Qh5 h6 27. d5 Ba4 28.
Rd3 Bc2 29. Rg3 Rxe5 30. Bxe5 Qxe5 31. Qf3 Be4 32. Qxe4 Qxg3 33. Qf5 Qc3 34.
Be4 Nxf6 35. Bb1 Kg7 36. Rf3 Qc1+ 37. Kg2 Bc3 38. Rf1 Qd2+ 39. Rf2 Qe3 40. Qc2
Bd4 41. Rf1 Re8 42. d6 Qe2+ 43. Kg3 Qxf1 44. d7 Qg1+ 45. Kf3 Re3# 0-1

[Event "136th YMCA Winter C"]
[Site "Warszawa"]
[Date "2014.02.28"]
[Round "10"]
[White "Pajak, Jakub"]
[Black "Szukalski, Antoni"]
[Result "1-0"]
[WhiteElo "1718"]
[BlackElo "1786"]
[PlyCount "79"]
[EventDate "2014.01.06"]
[EventType "tourn"]
[EventRounds "1"]
[EventCountry "POL"]
[SourceDate "2014.01.06"]

1. e4 e5 2. Nc3 Nc6 3. Bc4 Nf6 4. d3 h6 5. f4 exf4 6. Bxf4 d6 7. Nf3 Bg4 8. Qd2
Bxf3 9. gxf3 Ne5 10. Bxe5 dxe5 11. O-O-O c6 12. f4 Nd7 13. Rdf1 Be7 14. Kb1 Bf6
15. Rhg1 Qe7 16. Qf2 a5 17. Bb3 Nc5 18. fxe5 Qxe5 19. Rd1 Qd4 20. Qf5 Nxb3 21.
axb3 g6 22. Qf3 O-O 23. Rdf1 Kg7 24. Rg4 Be5 25. h4 b5 26. h5 a4 27. bxa4 bxa4
28. Nd1 a3 29. c3 Qa4 30. d4 axb2 31. Nxb2 Qa2+ 32. Kc2 Rab8 33. Rb1 Bd6 34. e5
Ba3 35. Qf6+ Kg8 36. Rxg6+ fxg6 37. Qxg6+ Kh8 38. Qxh6+ Kg8 39. Rg1+ Kf7 40.
Rg7+ 1-0

[Event "136th YMCA Winter C"]
[Site "Warszawa"]
[Date "2014.03.13"]
[Round "10"]
[White "Tegi, Robert"]
[Black "Major, Boguslaw"]
[Result "0-1"]
[WhiteElo "1733"]
[BlackElo "1800"]
[PlyCount "134"]
[EventDate "2014.01.06"]
[EventType "tourn"]
[EventRounds "1"]
[EventCountry "POL"]
[SourceDate "2014.01.06"]

1. d4 Nf6 2. c4 g6 3. Nc3 Bg7 4. g3 O-O 5. Bg2 d6 6. Nf3 c6 7. O-O Qa5 8. e4
Qh5 9. Re1 Bg4 10. Qd3 Na6 11. a3 e5 12. b4 exd4 13. Ne2 Bxf3 14. Bxf3 Ng4 15.
Bxg4 Qxg4 16. Rb1 c5 17. Nf4 Nc7 18. bxc5 Ne6 19. cxd6 Nc5 20. Qe2 Qd7 21. Nd3
Na4 22. Bd2 Rfc8 23. Rec1 Qxd6 24. Rxb7 Qa6 25. Rcb1 Nb6 26. Re7 Qxc4 27. Qf3
Rf8 28. Rc1 Qa2 29. Bb4 Rfc8 30. Rcc7 Rxc7 31. Rxc7 Qe6 32. Nc5 Qf6 33. Qxf6
Bxf6 34. Nd7 Nxd7 35. Rxd7 a5 36. Bd6 d3 37. Bf4 Rd8 38. Rxd8+ Bxd8 39. a4 Be7
40. f3 g5 41. Bd2 Bb4 42. Bxg5 d2 43. Bxd2 Bxd2 44. Kf2 Kf8 45. Ke2 Bb4 46. Kd3
Ke7 47. e5 Ke6 48. Ke4 Bc5 49. f4 f5+ 50. exf6 Kxf6 51. g4 h6 52. h3 Bd6 53. h4
Kg6 54. h5+ Kf6 55. Kf3 Be7 56. Ke4 Ke6 57. Kd4 Bd6 58. Ke4 Bc7 59. Kf3 Bd8 60.
Ke4 Bf6 61. Ke3 Kd5 62. Kf3 Kd4 63. Kf2 Ke4 64. Kg3 Ke3 65. f5 Ke4 66. Kg2 Kf4
67. Kh3 Kf3 0-1